Manažérske rozhodovanie a rozhodovací proces

Téma rozhodovania v dielach vybraných autorov. Rozhodovací proces a jeho fázy. Rozhodovanie ako manažérska činnosť. Druhy manažérskeho rozhodovania. Faktory ovplyvňujúce rozhodovací proces.

Enregistré dans:
Détails bibliographiques
Auteur principal: Reháčková, Alexandra
Format: Chapitre de livre
Langue:slovaque
Sujets:
Tags: Ajouter un tag
Pas de tags, Soyez le premier à ajouter un tag!

MARC

LEADER 00000nla a2200000 4500
001 0163271
005 20240502072832.5
041 0 |a slo 
044 |a SK 
245 1 0 |a Manažérske rozhodovanie a rozhodovací proces  |c Alexandra Reháčková 
520 |a Téma rozhodovania v dielach vybraných autorov. Rozhodovací proces a jeho fázy. Rozhodovanie ako manažérska činnosť. Druhy manažérskeho rozhodovania. Faktory ovplyvňujúce rozhodovací proces. 
610 2 0 |a manažéri 
610 2 0 |a rozhodovanie manažérske 
610 2 0 |a emócie 
610 2 0 |a vedomosti 
610 2 0 |a správanie 
100 1 |a Reháčková, Alexandra